Kumpulan cerpen remaja : Doa ibu

Bibliographic Details
Main Author: Talib Samat
Format: Book
Published: Selangor : Pekan ilmu publications sdn.bhd. , 2006

MARC

LEADER 00000cam a2200000 7i4500
001 0000055587
005 20151124.0
008 151124
020 |a 9833385079 
090 0 0 |a TAL   |b MAL 
100 1 |a Talib Samat 
245 1 0 |a Kumpulan cerpen remaja :   |b Doa ibu   |c Talib Samat 
260 |a Selangor :   |b Pekan ilmu publications sdn.bhd. ,   |c 2006 
999 |a 0000947154   |b Book   |c Adult Collection   |e Cawangan Pontian